000 nam a22 7a 4500
999 _c10061
_d10061
008 180210b ||||| |||| 00| 0 eng d
100 _aYoung Minds Press
_96086
245 _aSeeds Learning Skills
260 _aChennai
_bSeeds Minds Publication